Statistics for Expanding Scramble Puzzle

Click here to take the quiz!

General Stats

  • This quiz has been taken 716 times
    (696 since last reset)
  • The average score is 12 of 19

Answer Stats

HintScrambleAnswer% Correct
EnthusiasticEEKNArm
100%
Body partAMRMe
100%
DirectionHOSTUKeen
99%
Dead bodyCEOPRSSouth
96%
Olympic sportAEIJLNVCorpse
93%
BuyACEHPRSUJavelin
88%
Swim strokeEEEFLRSTYPurchase
87%
Very tall city buildingACEKPRRSSYFreestyle
80%
Song birdAEGGHIILNNTSkyscraper
78%
Discussion, chatACEINNOORSTVNightingale
67%
Pre-schoolsADEEGIKNNRRSTConversation
64%
AbbatoirsAEEGHHLORSSSTUUAlphabetically
61%
In A-Z orderAAABCEHILLLPTYKindergartens
61%
From outer spaceAAEEEILRRRRSTTTXSlaughterhouses
50%
Fear of the number 13AAABDEHIIIKKOPRSTExtraterrestrial
46%
Removal of the right to voteACDEEEFHIIMNNNRSSTTriskaidekaphobia
33%
Actions to prevent being spied onACCEEEILLNNORRSTUUVDisenfranchisement
21%
In an atypical or unusual wayAAACCCEHIILLNRRSTTUYCountersurveillance
13%
Uncharacteristically
5%

Score Distribution

Percentile by Number Answered

Percent of People with Each Score

Your Score History

You have not taken this quiz since the last reset